| 000 | 01269nam a2200217Ia 4500 | ||
|---|---|---|---|
| 999 |
_c34694 _d34694 |
||
| 001 | 479 | ||
| 003 | GE_BSU | ||
| 005 | 20200128161612.0 | ||
| 008 | 181216s2007||||ge |||||||||||||| ||geo|| | ||
| 020 | _a9789994068463(1) | ||
| 040 | _cGE_BSU | ||
| 080 | _a339.9(479.22) ს-32 | ||
| 245 |
_aსაქართველოს საერთაშორისო ეკონომიკურ ხელშეკრულებებში : _b ნ.1 / _cიდეის ავტ. და შემდგ. შემდ. ზურაბ ვაშაკიძე , ეკა ლეკაშვილი. |
||
| 264 |
_aთბილისი : _bეკონომიკისა და მენეჯმენტის კონსულტანტთა ასოციაცია, _c2007. |
||
| 300 |
_a276 გვ. _b20 სმ. |
||
| 653 | _aსაქართველოს საგარეო-ეკონომიკური ურთიერთობები | ||
| 653 | _aეკონომიკური ხელშეკრულებები | ||
| 700 |
_aვაშაკიძე, ზურაბ _eშემდგენელი _96440 |
||
| 700 |
_aლეკაშვილი, ეკა _eშემდგენელი _95020 |
||
| 942 |
_cBK _2udc |
||